Jamming the Classroom (Record no. 191436)
[ view plain ]
| 000 -LEADER | |
|---|---|
| fixed length control field | 00455nmm a2200145Ia 4500 |
| 020 ## - INTERNATIONAL STANDARD BOOK NUMBER | |
| ISBN | 9780472903757 |
| 100 ## - MAIN ENTRY--PERSONAL NAME | |
| Personal name | Stewart, Jesse||Heble, Ajay::0000-0002-9944-7106::600 |
| 245 #0 - TITLE STATEMENT | |
| Title | Jamming the Classroom |
| 260 ## - PUBLICATION, DISTRIBUTION, ETC. (IMPRINT) | |
| Place of publication | University of Michigan Press |
| Year of publication | 2023 |
| 650 ## - SUBJECT ADDED ENTRY--TOPICAL TERM | |
| Topical Term | Improvisation |
| 856 ## - ELECTRONIC LOCATION AND ACCESS | |
| Uniform Resource Identifier | https://directory.doabooks.org/handle/20.500.12854/118526 |
| 942 ## - ADDED ENTRY ELEMENTS (KOHA) | |
| Koha item type | |
| Withdrawn status | Lost status | Damaged status | Not for loan | Permanent Location | Current Location | Date acquired | Price effective from | Koha item type |
|---|---|---|---|---|---|---|---|---|
| Library and Documentation Division NCERT | Library and Documentation Division NCERT | 11/20/2024 | 11/20/2024 |





